Hunger for Justice the Politics Oof Food and Faith (Record no. 17915)
[ view plain ]
| 000 -LEADER | |
|---|---|
| fixed length control field | 00614nam a2200241 a 4500 |
| 020 ## - INTERNATIONAL STANDARD BOOK NUMBER | |
| ISBN | 0883441969 |
| 082 00 - DEWEY DECIMAL CLASSIFICATION NUMBER | |
| Classification number | 266 |
| Author Cutter | NEL |
| 100 ## - MAIN ENTRY--AUTHOR NAME | |
| Author name | Nelson, Jack A |
| 245 ## - TITLE STATEMENT | |
| Title | Hunger for Justice the Politics Oof Food and Faith |
| 260 ## - PUBLICATION, DISTRIBUTION, ETC. (IMPRINT) | |
| Place of publication | New York |
| Name of publisher | Orbis Books |
| Year of publication | 1980 |
| 300 ## - PHYSICAL DESCRIPTION | |
| Number of Pages | 230p |
| 500 ## - GENERAL NOTE | |
| General note | includes index and biblioraphy |
| 505 2# - FORMATTED CONTENTS NOTE | |
| Formatted contents note | Index |
| 650 ## - SUBJECT ADDED ENTRY--TOPICAL TERM | |
| Topical Term | Church and Social Problems |
| 942 ## - ADDED ENTRY ELEMENTS (KOHA) | |
| Koha item type | Books |
| 700 1# - | |
| -- | Nelson, Jack A |
| Collection code | Home library | Current library | Date acquired | Cost, normal purchase price | Full call number | Accession Number | Koha item type |
|---|---|---|---|---|---|---|---|
| Henry Martyn Institute Library | Henry Martyn Institute Library | 04/16/2008 | 150.00 | 266 NEL | 11001875 | Books |
